A treatise of music : containing the principles of composition. Wherein the several parts thereof are fully explained, and made useful both to the professors and students of that science. By Mr. Rameau, ... Translated into English from the original in the French language.

Bibliographic Details
Main Author: Rameau, Jean-Philippe, 1683-1764
Format: eBook
Language:English
Edition:Second edition.
Series:Eighteenth century collections online.
Online Access:Full text online

MARC

Tag First Indicator Second Indicator Subfields
LEADER 00000cam a2200000 4500
001 in00001898310
006 m | d |
007 cr |n||||||||n
008 880217s1779 ie |||| s 00| ||eng d
005 20260414180051.2
035 |a (CStRLIN)ESTCT176508 
040 |a Uk-ES  |c Uk-ES  |d CStRLIN  |d Thomson Gale  |d UtOrBLW 
100 1 |a Rameau, Jean-Philippe,  |d 1683-1764. 
240 1 0 |a Traité de l'harmonie.  |l English 
245 1 2 |a A treatise of music :  |b containing the principles of composition. Wherein the several parts thereof are fully explained, and made useful both to the professors and students of that science. By Mr. Rameau, ... Translated into English from the original in the French language. 
250 |a Second edition. 
264 3 |a Dublin :  |b printed for Luke White,  |c 1779. 
300 |a 4 unnumbered pages, 180p :  |b music ;  |c 8⁰. 
336 |a text  |b txt  |2 rdacontent 
337 |a computer  |b c  |2 rdamedia 
338 |a online resource  |b cr  |2 rdacarrier 
500 |a Reproduction of original from the Cambridge University Library. 
510 4 |a English Short Title Catalog,  |c ESTCT176508. 
533 |a Electronic reproduction.  |b Farmington Hills, Mich. :  |c Thomson Gale,  |d 2003.  |n Available via the World Wide Web.  |n Access limited by licensing agreements  |7 s2003 miunns 
500 |a Electronic resource. 
830 0 |a Eighteenth century collections online. 
856 4 0 |u http://proxy.library.tamu.edu/login?url=https://galenet.galegroup.com/servlet/ECCO?c=1&stp=Author&ste=11&af=BN&ae=T176508&tiPG=1&dd=0&dc=flc&docNum=CW107742157&vrsn=1.0&srchtp=a&d4=0.33&n=10&SU=0LRL+OR+0LRI&locID=txshracd2898  |z Full text online  |t 0 
999 |a MARS 
999 f f |s aa3cb852-5c4e-3b8d-9bf3-6f7972edd21f  |i a1af87c0-7da5-356d-8495-5de8204d9690  |t 0 
952 f f |a Texas A&M University  |b College Station  |c Electronic Resources  |s www_evans  |d Available Online  |t 0  |h No information provided 
998 f f |t 0  |l Available Online